| 000 | 00569nam a2200181Ia 4500 | ||
|---|---|---|---|
| 008 | 151018s9999 xx 000 0 und d | ||
| 082 |
_bRBASDV49777 _a891.432 |
||
| 100 | _aविभा रानी | ||
| 245 | _aआओ तनिक प्रेम करे | ||
| 250 | _b1 | ||
| 260 |
_bकिताबहार _c2006 |
||
| 300 | _a71 | ||
| 600 | _aविभा रानी | ||
| 630 | _aआओ तनिक प्रेम करे | ||
| 700 | _aविभा रानी | ||
| 730 | _aआओ तनिक प्रेम करे | ||
| 942 | _cBOOK | ||
| 999 |
_c1048777 _d1048774 |
||